000 00303nam a22001337a 4500
008 181030b xxu||||| |||| 00| 0 eng d
020 _a9780323074193
041 _aeng
080 _a618
100 _a10
101 _aGJIN
245 _aClinical Gynecologic Oncology
_cCreasman, D.S
942 _2udc
_cBK
999 _c51160
_d51160